[Event "Titled Tuesday intern op 02nd Apr Early"]
[Site "Chess.com INT"]
[Date "2024.04.02"]
[Round "5"]
[White "Putnam, Liam H"]
[Black "Pinero Rodriguez, Carlos Jose"]
[Result "1-0"]
[WhiteElo "2323"]
[BlackElo "2284"]
[PlyCount "95"]
[EventDate "2024.04.02"]
[EventType "swiss (blitz)"]
[EventRounds "11"]
[EventCountry "USA"]
[SourceTitle "CB15_2024"]
[SourceDate "2024.04.10"]
[SourceVersion "1"]
[SourceVersionDate "2024.04.10"]
[SourceQuality "1"]

1. d4 Nf6 2. Nf3 g6 3. Bf4 d6 4. Nbd2 Bg7 5. e3 0-0 6. h3 Nc6 7. Bh2 Nd7 8. Bd3 e5 9. c3 h6 10. 0-0 f5 11. dxe5 Ndxe5 12. Be2 Be6 13. Nd4 Bf7 14. N2f3 Nd7 15. Nxc6 bxc6 16. Nd4 Ne5 17. Bxe5 dxe5 18. Nxc6 Qe8 19. Qa4 Kh7 20. Bc4 Be6 21. Bxe6 Qxe6 22. Rad1 Rf6 23. Na5 Rb8 24. Rd2 e4 25. Nb3 Qb6 26. Rfd1 f4 27. Qxe4 fxe3 28. Qxe3 Qxe3 29. fxe3 h5 30. Rd7 Kh6 31. Rxc7 Re6 32. Rdd7 Be5 33. Rh7+ Kg5 34. Rc5 Kh4 35. Rf7 g5 36. Nd2 g4 37. hxg4 hxg4 38. Rh7+ Kg5 39. Nc4 Rbe8 40. Nxe5 Rxe5 41. Rxe5+ Rxe5 42. Rxa7 Rxe3 43. Kf2 Rd3 44. Ra5+ Kf4 45. g3+ Ke4 46. Ra4+ Kf5 47. Rf4+ Kg5 48. Rd4 1-0

[Event "Charlotte Spring GMA 2024"]
[Site "Charlotte"]
[Date "2024.03.29"]
[Round "5"]
[White "Putnam, Liam H"]
[Black "Gauri, Shankar"]
[Result "1/2-1/2"]
[WhiteElo "2323"]
[BlackElo "2345"]
[PlyCount "58"]
[EventDate "2024.03.27"]
[EventType "tourn"]
[EventRounds "9"]
[EventCountry "USA"]
[EventCategory "6"]
[SourceTitle "CB14_2024"]
[SourceDate "2024.04.01"]
[SourceVersion "1"]
[SourceVersionDate "2024.04.01"]
[SourceQuality "1"]

1. d4 Nf6 2. c4 e6 3. g3 d5 4. Bg2 Bb4+ 5. Nd2 0-0 6. Ngf3 b6 7. 0-0 Bb7 8. Ne5 a5 9. Qc2 c5 10. cxd5 Bxd5 11. e4 Bb7 12. dxc5 Bxc5 13. Ndc4 Qe7 14. Bg5 h6 15. Bxf6 Qxf6 16. Rad1 Ra7 17. Nd3 Qe7 18. e5 Bxg2 19. Kxg2 Rc7 20. Qe2 Nc6 21. Qe4 b5 22. Nd2 Bb6 23. a4 Nd4 24. axb5 Rfc8 25. Rc1 Qd7 26. Rxc7 Rxc7 27. Rc1 Rxc1 28. Nxc1 Qxb5 29. Nd3 a4 1/2-1/2

[Event "Charlotte Spring GMA 2024"]
[Site "Charlotte"]
[Date "2024.03.28"]
[Round "2"]
[White "Homa, Seth"]
[Black "Putnam, Liam H"]
[Result "0-1"]
[WhiteElo "2234"]
[BlackElo "2323"]
[PlyCount "84"]
[EventDate "2024.03.27"]
[EventType "tourn"]
[EventRounds "9"]
[EventCountry "USA"]
[EventCategory "6"]
[SourceTitle "CB14_2024"]
[SourceDate "2024.04.01"]
[SourceVersion "1"]
[SourceVersionDate "2024.04.01"]
[SourceQuality "1"]

1. c4 e5 2. g3 Nc6 3. Bg2 g6 4. Nc3 Bg7 5. d3 Nge7 6. Rb1 a5 7. a3 0-0 8. b4 axb4 9. axb4 d6 10. b5 Nd4 11. e3 Ne6 12. Nge2 c6 13. 0-0 d5 14. bxc6 bxc6 15. cxd5 cxd5 16. Nb5 Qd7 17. Ba3 Bb7 18. Nec3 Rfd8 19. Qb3 Nf5 20. e4 dxe4 21. dxe4 Nfd4 22. Nxd4 exd4 23. Nd5 Ra7 24. Rfc1 h5 25. f4 Kh8 26. f5 gxf5 27. Qf3 Rxa3 28. Qxa3 fxe4 29. Nb6 Qe8 30. Qa7 Bc6 31. Qa5 d3 32. Qxh5+ Kg8 33. Nc4 Nd4 34. Rf1 e3 35. Bxc6 Nxc6 36. Qf3 e2 37. Rfe1 Ne5 38. Nxe5 Qxe5 39. Kg2 f5 40. Rb7 Qe4 41. Kf2 Bd4+ 42. Kg2 Bc3 0-1

[Event "Charlotte Spring GMA 2024"]
[Site "Charlotte"]
[Date "2024.03.28"]
[Round "3"]
[White "Putnam, Liam H"]
[Black "Cordova, Emilio"]
[Result "1/2-1/2"]
[WhiteElo "2323"]
[BlackElo "2551"]
[PlyCount "60"]
[EventDate "2024.03.27"]
[EventType "tourn"]
[EventRounds "9"]
[EventCountry "USA"]
[EventCategory "6"]
[SourceTitle "CB14_2024"]
[SourceDate "2024.04.01"]
[SourceVersion "1"]
[SourceVersionDate "2024.04.01"]
[SourceQuality "1"]

1. d4 e6 2. c4 f5 3. g3 Nf6 4. Bg2 Bb4+ 5. Bd2 Qe7 6. Nc3 0-0 7. Nf3 d6 8. a3 Bxc3 9. Bxc3 Ne4 10. Rc1 Nd7 11. 0-0 Ndf6 12. Be1 b6 13. Nd2 Bb7 14. f3 Nxd2 15. Qxd2 e5 16. dxe5 dxe5 17. Bf2 Rad8 18. Qc3 e4 19. Rfd1 c5 20. Be3 Rfe8 21. Bg5 exf3 22. exf3 Rxd1+ 23. Rxd1 Qe2 24. Rd2 Qe1+ 25. Bf1 Bc6 26. Bxf6 gxf6 27. Rd8 Qxc3 28. Rxe8+ Bxe8 29. bxc3 f4 30. gxf4 f5 1/2-1/2

[Event "Titled Tuesday intern op 12th Mar Early"]
[Site "Chess.com INT"]
[Date "2024.03.12"]
[Round "11"]
[White "Putnam, Liam H"]
[Black "Haug, Havard"]
[Result "1/2-1/2"]
[WhiteElo "2323"]
[BlackElo "2341"]
[PlyCount "127"]
[EventDate "2024.03.12"]
[EventType "swiss (blitz)"]
[EventRounds "11"]
[EventCountry "USA"]
[SourceTitle "CB12_2024"]
[SourceDate "2023.10.01"]
[SourceVersion "1"]
[SourceVersionDate "2023.10.01"]
[SourceQuality "1"]

1. Nf3 d5 2. b3 Nf6 3. Bb2 e6 4. e3 Be7 5. c4 0-0 6. Nc3 c5 7. cxd5 exd5 8. d4 Nc6 9. Be2 Ne4 10. 0-0 Bf6 11. Nxe4 dxe4 12. Ne5 cxd4 13. exd4 Re8 14. Rc1 Bd7 15. Nxd7 Qxd7 16. Bb5 Red8 17. Bxc6 bxc6 18. Qc2 Bxd4 19. Rfd1 c5 20. Bxd4 cxd4 21. Qxe4 Rac8 22. Rxc8 Qxc8 23. g3 Qd7 24. b4 g6 25. h4 Qa4 26. Rxd4 Rxd4 27. Qxd4 Qxa2 28. Kg2 a6 29. Qd8+ Kg7 30. Qd4+ Kg8 31. h5 gxh5 32. Qd8+ Kg7 33. Qg5+ Kh8 34. Qxh5 Qc4 35. Qc5 Qe4+ 36. Kh2 Kg7 37. Qb6 Qe2 38. Qd4+ Kg6 39. g4 h5 40. Qb6+ f6 41. gxh5+ Qxh5+ 42. Kg2 Qd5+ 43. Kg1 Qd1+ 44. Kh2 Qh5+ 45. Kg2 Qd5+ 46. Kg3 Qg5+ 47. Kf3 Qd5+ 48. Ke3 Qc4 49. Qc5 Qxc5+ 50. bxc5 Kf7 51. Kd3 Ke6 52. Kc4 Kd7 53. Kd5 f5 54. c6+ Kc7 55. Kc5 f4 56. f3 a5 57. Kb5 a4 58. Kxa4 Kxc6 59. Kb4 Kd5 60. Kc3 Kc5 61. Kd3 Kd5 62. Kc3 Kc5 63. Kd3 Kd5 64. Kc3 1/2-1/2

[Event "Titled Tuesday intern op 12th Mar Early"]
[Site "Chess.com INT"]
[Date "2024.03.12"]
[Round "7"]
[White "Putnam, Liam H"]
[Black "Plyasunov, Daniil"]
[Result "1-0"]
[WhiteElo "2323"]
[BlackElo "2241"]
[PlyCount "95"]
[EventDate "2024.03.12"]
[EventType "swiss (blitz)"]
[EventRounds "11"]
[EventCountry "USA"]
[SourceTitle "CB12_2024"]
[SourceDate "2023.10.01"]
[SourceVersion "1"]
[SourceVersionDate "2023.10.01"]
[SourceQuality "1"]

1. e4 c6 2. Nf3 d5 3. Nc3 dxe4 4. Nxe4 Nf6 5. Qe2 Nxe4 6. Qxe4 Qd5 7. Qf4 Qf5 8. d3 Qxf4 9. Bxf4 f6 10. 0-0-0 e5 11. Bg3 c5 12. c3 Nc6 13. d4 cxd4 14. cxd4 Bf5 15. Bb5 Rc8 16. Nh4 Bd7 17. Kb1 Nxd4 18. Bxd7+ Kxd7 19. f4 Bd6 20. Rhe1 Rhe8 21. fxe5 fxe5 22. Bf2 g6 23. Re4 Kc7 24. Bxd4 exd4 25. Rexd4 Rcd8 26. Nf3 Bc5 27. Rxd8 Rxd8 28. Rxd8 Kxd8 29. Kc2 Kd7 30. Kd3 Be7 31. Ke4 Kd6 32. Ne5 Ke6 33. Nd3 Bd6 34. h3 a6 35. a4 Be7 36. b4 Kd6 37. Kd4 Bf6+ 38. Kc4 Kc6 39. b5+ axb5+ 40. axb5+ Kd6 41. Nc5 Kc7 42. Kd5 Be7 43. Na4 Kd7 44. Nb6+ Kc7 45. Nc4 Kd7 46. Ne5+ Kc7 47. Ke6 Bb4 48. Nc4 1-0

[Event "Titled Tuesday intern op 13th Feb Early"]
[Site "Chess.com INT"]
[Date "2024.02.13"]
[Round "10"]
[White "Putnam, Liam H"]
[Black "Ter Sahakyan, Samvel"]
[Result "0-1"]
[WhiteElo "2323"]
[BlackElo "2640"]
[PlyCount "76"]
[EventDate "2024.02.13"]
[EventType "swiss (blitz)"]
[EventRounds "11"]
[EventCountry "USA"]
[SourceTitle "CB08_2024"]
[SourceDate "2024.02.21"]
[SourceVersion "1"]
[SourceVersionDate "2024.02.21"]
[SourceQuality "1"]

1. e4 c5 2. Nf3 e6 3. d4 cxd4 4. Nxd4 Nf6 5. Nc3 Nc6 6. a3 Be7 7. Be3 0-0 8. Be2 d6 9. 0-0 Bd7 10. f4 a6 11. Qe1 Qb8 12. Kh1 b5 13. Nxc6 Bxc6 14. Bd3 e5 15. fxe5 dxe5 16. Qg3 Kh8 17. Rf5 Bd7 18. Rf3 Be6 19. Raf1 Nh5 20. Qf2 Nf4 21. Rxf4 exf4 22. Bxf4 Bd6 23. e5 Bxe5 24. Qh4 f5 25. Bd2 Bf6 26. Qh3 Qd6 27. Ne2 Bc4 28. Bb4 Qc6 29. Bxf5 h6 30. Nf4 Bxf1 31. Ng6+ Kg8 32. Be6+ Rf7 33. Bc3 Bc4 34. Bxf7+ Bxf7 35. Nf4 Bxc3 36. bxc3 Qf6 37. Qe3 Re8 38. Qg3 Qxf4 0-1

[Event "Titled Tuesday intern op 12th Dec Early"]
[Site "Chess.com INT"]
[Date "2023.12.12"]
[Round "8"]
[White "Manukyan, Sargis A"]
[Black "Putnam, Liam H"]
[Result "1-0"]
[WhiteElo "2216"]
[BlackElo "2348"]
[PlyCount "107"]
[EventDate "2023.12.12"]
[EventType "swiss (blitz)"]
[EventRounds "11"]
[EventCountry "USA"]
[SourceTitle "CB51_2023"]
[SourceDate "2023.12.20"]
[SourceVersion "1"]
[SourceVersionDate "2023.12.20"]
[SourceQuality "1"]

1. d4 g6 2. c4 Bg7 3. Nc3 d6 4. Nf3 Nc6 5. Bf4 Nf6 6. e3 0-0 7. Be2 Nd7 8. Bg3 e5 9. d5 Ne7 10. Nd2 f5 11. f4 exf4 12. exf4 Nc5 13. 0-0 c6 14. dxc6 Nxc6 15. Bf3 Kh8 16. Nb3 Nxb3 17. axb3 Nd4 18. Bd5 Qb6 19. Bf2 a6 20. Kh1 Bd7 21. Ne2 Qxb3 22. Bxd4 Qb4 23. Bxg7+ Kxg7 24. Qd4+ Rf6 25. Ng3 Re8 26. Qc3 Qc5 27. Bxb7 Re3 28. Qa5 Qxc4 29. Bxa6 Qd4 30. Rad1 Qxb2 31. Qc7 Rf7 32. Qxd6 Kh6 33. Bc4 Rfe7 34. Qd4 Qb7 35. Bd5 Qa6 36. Qh8 Re8 37. Qb2 R8e7 38. Qb8 Re8 39. Qc7 R3e7 40. Qc3 Ba4 41. Ra1 Ra7 42. Rxa4 Qxa4 43. Qf6 Qc2 44. Be4 Qxe4 45. Nxe4 Rxe4 46. Qf8+ Kh5 47. h3 Rae7 48. Kh2 Re3 49. Rf2 R3e4 50. Qf6 Kh6 51. g4 Re3 52. Qf8+ Rg7 53. g5+ Kh5 54. Qxg7 1-0

[Event "Titled Tuesday intern op 12th Dec Early"]
[Site "Chess.com INT"]
[Date "2023.12.12"]
[Round "5"]
[White "Renjith, Sravan"]
[Black "Putnam, Liam H"]
[Result "0-1"]
[WhiteElo "2254"]
[BlackElo "2348"]
[PlyCount "152"]
[EventDate "2023.12.12"]
[EventType "swiss (blitz)"]
[EventRounds "11"]
[EventCountry "USA"]
[SourceTitle "CB51_2023"]
[SourceDate "2023.12.20"]
[SourceVersion "1"]
[SourceVersionDate "2023.12.20"]
[SourceQuality "1"]

1. e4 c5 2. Nf3 e6 3. c3 Nf6 4. e5 Nd5 5. d4 cxd4 6. cxd4 Nc6 7. Nc3 Nxc3 8. bxc3 d6 9. exd6 Bxd6 10. Bd3 h6 11. 0-0 0-0 12. Qe2 Re8 13. Qe4 f5 14. Qe2 Kh8 15. Ne5 Nxe5 16. dxe5 Bc5 17. Be3 Bxe3 18. Qxe3 Qc7 19. Bb5 Re7 20. Rad1 a6 21. Ba4 b5 22. Bb3 Bb7 23. Rd6 Rd8 24. Rfd1 Red7 25. Qd4 Bd5 26. Bxd5 Rxd6 27. exd6 Rxd6 28. Qe5 Qd8 29. c4 bxc4 30. h4 Rxd5 31. Rxd5 Qxd5 32. Qb8+ Kh7 33. Qc8 Qd1+ 34. Kh2 Qg4 35. g3 Qd4 36. Kg1 Qd1+ 37. Kh2 Qe2 38. Kg1 f4 39. gxf4 Qg4+ 40. Kf1 Qxf4 41. Qxe6 c3 42. Qc8 Qe5 43. h5 a5 44. Qc6 Qxh5 45. Qxc3 Qd1+ 46. Kg2 Qd5+ 47. f3 Qxa2+ 48. Kg3 Qd5 49. Qc2+ Kg8 50. Qc8+ Kf7 51. Qc7+ Kf6 52. Qb6+ Qe6 53. Qd8+ Qe7 54. Qb6+ Kf5 55. Qb1+ Ke6 56. Qb3+ Kf6 57. Qb6+ Qe6 58. Qd8+ Kg6 59. Qd3+ Qf5 60. Qa6+ Kh7 61. Qc4 h5 62. Kg2 Qg5+ 63. Kf2 h4 64. Qd3+ Qg6 65. Qc4 Qg3+ 66. Ke2 Qe5+ 67. Kf1 Qf6 68. Kf2 Kh6 69. Qg4 Qg5 70. Qe6+ Qg6 71. Qe3+ Kh7 72. Qf4 Qg3+ 73. Qxg3 hxg3+ 74. Kxg3 a4 75. Kf2 a3 76. Ke3 a2 0-1

[Event "Edward Lasker Memorial 107th"]
[Site "New York"]
[Date "2023.12.09"]
[Round "4"]
[White "Putnam, Liam H"]
[Black "Rosenberg, Evan"]
[Result "1-0"]
[WhiteElo "2348"]
[BlackElo "1926"]
[PlyCount "101"]
[EventDate "2023.12.07"]
[EventType "swiss"]
[EventRounds "6"]
[EventCountry "USA"]
[SourceTitle "CB50_2023"]
[SourceDate "2023.12.13"]
[SourceVersion "1"]
[SourceVersionDate "2023.12.13"]
[SourceQuality "1"]

1. d4 d5 2. c4 c6 3. Nf3 Nf6 4. e3 Bf5 5. Nc3 a6 6. Ne5 h5 7. Qb3 Ra7 8. cxd5 cxd5 9. Bd2 e6 10. Rc1 Nbd7 11. Nxd7 Nxd7 12. Be2 h4 13. h3 Be7 14. 0-0 0-0 15. Bf3 Nf6 16. Na4 b5 17. Nc5 Bd6 18. Nd3 Ne4 19. Bb4 Bxb4 20. Qxb4 a5 21. Qe1 Ng5 22. Be2 Nxh3+ 23. gxh3 Bxh3 24. Kh1 Bxf1 25. Qxf1 Rc7 26. Nc5 b4 27. f4 g6 28. Qh3 Kg7 29. Bd3 Rh8 30. Qg4 Rh6 31. Kh2 Qe7 32. Kh3 Rc6 33. Bb5 Rc7 34. Rc2 Rh8 35. Bd3 Rc6 36. Rg2 Rh6 37. Qd1 Qd8 38. Qa4 Qc8 39. Kh2 Rxc5 40. dxc5 Qxc5 41. Re2 Qa7 42. Qc6 Rh8 43. Qd6 Rh5 44. Re1 h3 45. Qc6 g5 46. Qd6 d4 47. Qe5+ Kg8 48. exd4 Qb7 49. Rg1 Qf3 50. Rxg5+ Kf8 51. Qd6+ 1-0

[Event "Edward Lasker Memorial 107th"]
[Site "New York"]
[Date "2023.12.08"]
[Round "2"]
[White "Putnam, Liam H"]
[Black "Lin, Bryan Enming"]
[Result "1-0"]
[WhiteElo "2348"]
[BlackElo "2050"]
[PlyCount "93"]
[EventDate "2023.12.07"]
[EventType "swiss"]
[EventRounds "6"]
[EventCountry "USA"]
[SourceTitle "CB50_2023"]
[SourceDate "2023.12.13"]
[SourceVersion "1"]
[SourceVersionDate "2023.12.13"]
[SourceQuality "1"]

1. Nf3 Nf6 2. c4 g6 3. b3 Bg7 4. Bb2 0-0 5. g3 d6 6. d4 Nbd7 7. Bg2 e5 8. dxe5 Ng4 9. 0-0 Ngxe5 10. Nc3 Re8 11. Qd2 a5 12. Rac1 Nc5 13. Rfd1 Bf5 14. Nd4 Bd7 15. Nd5 c6 16. Ne3 Qb6 17. Kh1 h5 18. h3 f5 19. Ndc2 Re6 20. Nd4 Ree8 21. Ndc2 Re6 22. Ne1 Rf8 23. f4 Nf7 24. Bxg7 Kxg7 25. Qd4+ Kg8 26. Nd3 Rfe8 27. Nxf5 gxf5 28. Nxc5 dxc5 29. Qxd7 R8e7 30. Qd3 Rxe2 31. Qxf5 Rxa2 32. Qf6 Qc7 33. Re1 Ree2 34. Bf3 Rxe1+ 35. Rxe1 Qd7 36. f5 h4 37. gxh4 Kf8 38. Rg1 Qd2 39. Qg7+ Ke8 40. Bg2 Qe3 41. Qg8+ Ke7 42. Qc8 Rxg2 43. Qc7+ Kf6 44. Rxg2 Qxh3+ 45. Kg1 Qe3+ 46. Kh2 Ne5 47. Qd6+ 1-0

[Event "Titled Tuesday intern op 29th Aug Early"]
[Site "Chess.com INT"]
[Date "2023.08.29"]
[Round "3"]
[White "Putnam, Liam H"]
[Black "Nguyen, Ngoc Truong Son"]
[Result "0-1"]
[WhiteElo "2304"]
[BlackElo "2641"]
[PlyCount "90"]
[EventDate "2023.08.29"]
[EventType "swiss (blitz)"]
[EventRounds "11"]
[EventCountry "USA"]
[SourceTitle "EXT 2024"]
[Source "ChessBase"]
[SourceDate "2023.10.10"]
[SourceVersion "1"]
[SourceVersionDate "2023.10.10"]
[SourceQuality "1"]

1. e4 g6 2. d4 Bg7 3. Nc3 d6 4. Be3 a6 5. Qd2 Nd7 6. h4 Ngf6 7. Bh6 Bxh6 8. Qxh6 c5 9. dxc5 Nxc5 10. Bd3 Qb6 11. 0-0-0 Be6 12. Nf3 Ng4 13. Qg7 0-0-0 14. Rhf1 Nxf2 15. Rd2 Rhg8 16. Qd4 Nfxd3+ 17. cxd3 Bxa2 18. Kd1 e5 19. Qe3 Be6 20. Ke2 Kb8 21. Ng5 Bg4+ 22. Ke1 f5 23. Nd5 Qb3 24. d4 Qxe3+ 25. Nxe3 Nb3 26. Rd3 Nxd4 27. Nxg4 fxg4 28. Rf7 h6 29. Nh7 Rc8 30. Nf6 Rc1+ 31. Kd2 Rgc8 32. Rc3 Rc2+ 33. Kd3 R2xc3+ 34. bxc3 Ne6 35. Nxg4 h5 36. Ne3 Nc5+ 37. Ke2 Nxe4 38. c4 a5 39. Rg7 a4 40. Rxg6 a3 41. Kd3 a2 42. Nc2 d5 43. Rb6 Rxc4 44. Rb2 Rxc2 45. Kxc2 a1Q 0-1

[Event "Titled Tuesday intern op 29th Aug Early"]
[Site "Chess.com INT"]
[Date "2023.08.29"]
[Round "1"]
[White "Smirnov, Mark1111"]
[Black "Putnam, Liam H"]
[Result "0-1"]
[WhiteElo "2005"]
[BlackElo "2304"]
[PlyCount "76"]
[EventDate "2023.08.29"]
[EventType "swiss (blitz)"]
[EventRounds "11"]
[EventCountry "USA"]
[SourceTitle "EXT 2024"]
[Source "ChessBase"]
[SourceDate "2023.10.10"]
[SourceVersion "1"]
[SourceVersionDate "2023.10.10"]
[SourceQuality "1"]

1. e4 Nf6 2. e5 Nd5 3. c4 Nb6 4. d4 d6 5. exd6 exd6 6. Nc3 Be7 7. Bd3 0-0 8. Nge2 Nc6 9. 0-0 Bf6 10. b3 h6 11. Be3 Re8 12. Re1 Bg4 13. h3 Bh5 14. g4 Bg6 15. Bxg6 fxg6 16. Qd3 g5 17. Ng3 Qd7 18. Nh5 Qf7 19. Rac1 Re7 20. d5 Ne5 21. Qf5 Nbd7 22. Nb5 g6 23. Nxf6+ Nxf6 24. Qc2 Nf3+ 25. Kg2 Nxe1+ 26. Rxe1 a6 27. Nd4 Rae8 28. Ne6 c6 29. Qd3 cxd5 30. cxd5 Nxd5 31. Qxd5 Qxe6 32. Qd2 Qe4+ 33. Kh2 Qf3 34. Qxd6 Re6 35. Qd7 Rxe3 36. Qxe8+ Rxe8 37. Rxe8+ Kf7 38. Kg1 Kxe8 0-1

[Event "Titled Tuesday intern op 29th Aug Early"]
[Site "Chess.com INT"]
[Date "2023.08.29"]
[Round "11"]
[White "Zhigalko, Sergei"]
[Black "Putnam, Liam H"]
[Result "1-0"]
[WhiteElo "2572"]
[BlackElo "2304"]
[PlyCount "29"]
[EventDate "2023.08.29"]
[EventType "swiss (blitz)"]
[EventRounds "11"]
[EventCountry "USA"]
[SourceTitle "EXT 2024"]
[Source "ChessBase"]
[SourceDate "2023.10.10"]
[SourceVersion "1"]
[SourceVersionDate "2023.10.10"]
[SourceQuality "1"]

1. e4 c5 2. Nf3 e6 3. c3 Nf6 4. e5 Nd5 5. Bc4 Nb6 6. Bb3 Nc6 7. d4 cxd4 8. cxd4 d6 9. exd6 Bxd6 10. Nc3 0-0 11. 0-0 e5 12. Bg5 Qd7 13. dxe5 Nxe5 14. Re1 Qg4 15. Nxe5 1-0